Fixed income securities / (Record no. 14556)
[ view plain ]
| 000 -LEADER | |
|---|---|
| fixed length control field | 01359nam a22003137a 4500 |
| 001 - CONTROL NUMBER | |
| control field | ENG-90580 |
| 005 - DATE AND TIME OF LATEST TRANSACTION | |
| control field | 20040621203124.0 |
| 006 - FIXED-LENGTH DATA ELEMENTS--ADDITIONAL MATERIAL CHARACTERISTICS--GENERAL INFORMATION | |
| fixed length control field | a|||||r|||||00| 0 |
| 008 - FIXED-LENGTH DATA ELEMENTS--GENERAL INFORMATION | |
| fixed length control field | 080723t xxu||||| |||| 00| 0 eng d |
| 010 ## - LIBRARY OF CONGRESS CONTROL NUMBER | |
| LC control number | ENG-90580 |
| 020 ## - INTERNATIONAL STANDARD BOOK NUMBER | |
| International Standard Book Number | 0070621004 |
| Terms of availability | 300.00 |
| 035 ## - SYSTEM CONTROL NUMBER | |
| System control number | EN-74113 |
| 037 ## - SOURCE OF ACQUISITION | |
| Source of stock number/acquisition | DBAD / PUB |
| 040 ## - CATALOGING SOURCE | |
| Original cataloging agency | DPL |
| Language of cataloging | EN |
| 082 ## - DEWEY DECIMAL CLASSIFICATION NUMBER | |
| Classification number | 332.632044 |
| 100 ## - MAIN ENTRY--PERSONAL NAME | |
| Personal name | Dun & Bradstreet |
| 245 ## - TITLE STATEMENT | |
| Title | Fixed income securities / |
| Statement of responsibility, etc | by Dun & Bradstreet |
| 260 ## - PUBLICATION, DISTRIBUTION, ETC. (IMPRINT) | |
| Place of publication, distribution, etc | New Delhi |
| Name of publisher, distributor, etc | Tata McGraw-Hill Publishing |
| Date of publication, distribution, etc | c2008 |
| 300 ## - PHYSICAL DESCRIPTION | |
| Extent | ix, 172 p. : |
| Other physical details | ill. ; |
| Dimensions | 22 cm.(Hb) |
| 490 ## - SERIES STATEMENT | |
| Series statement | Dun & Bradstreet-McGraw-Hill professional: finance essentials series |
| 500 ## - GENERAL NOTE | |
| General note | Includes bibliographical references and index. |
| 650 ## - SUBJECT ADDED ENTRY--TOPICAL TERM | |
| Topical term or geographic name as entry element | Fixed-income securities. |
| 856 ## - ELECTRONIC LOCATION AND ACCESS | |
| Uniform Resource Identifier | <a href="http://www.loc.gov/catdir/bios/wiley044/2002278936.html">http://www.loc.gov/catdir/bios/wiley044/2002278936.html</a> |
| 856 ## - ELECTRONIC LOCATION AND ACCESS | |
| Uniform Resource Identifier | <a href="http://www.loc.gov/catdir/description/wiley037/2002278936.html">http://www.loc.gov/catdir/description/wiley037/2002278936.html</a> |
| 856 ## - ELECTRONIC LOCATION AND ACCESS | |
| Uniform Resource Identifier | <a href="http://www.loc.gov/catdir/toc/wiley022/2002278936.html">http://www.loc.gov/catdir/toc/wiley022/2002278936.html</a> |
| 942 ## - ADDED ENTRY ELEMENTS (KOHA) | |
| Source of classification or shelving scheme | Dewey Decimal Classification |
| Koha item type | English Books |
| Classification part | 332.632044 |
| Call number suffix | DUN |
| Withdrawn status | Lost status | Damaged status | Not for loan | Collection code | Home library | Current library | Date acquired | Source of acquisition | Cost, normal purchase price | Total Checkouts | Full call number | Barcode | Date last seen | Copy number | Cost, replacement price | Price effective from | Koha item type |
|---|---|---|---|---|---|---|---|---|---|---|---|---|---|---|---|---|---|
| Not For Loan | Non-fiction | D.B.Act.Division | D.B.Act.Division | 23/07/2008 | DBAD / PUB | 300.00 | 332.632044 DUN | EN-74113 | 15/09/2008 | 1 | 300.00 | 15/09/2008 | English Books |
